Kant, Hegel, Dilthey

Gespeichert in:
Bibliographische Detailangaben
Format: Buch
Sprache:Spanisch
Veröffentlicht: Madrid Revista de Occidente 1958
Schlagworte:
Tags: Tag hinzufügen
Keine Tags, Fügen Sie den ersten Tag hinzu!

MARC

LEADER 00000nam a2200000 a 4500
001 UCX4478
003 CL-VaPUC
005 20241127084740.0
008 920520e19580000SP |||||||||||||||||spa|d
999 |c 224925  |d 224923 
040 |c Pontificia Universidad Católica de Valparaíso 
082 0 4 |a 196.1  |b ORT  |2 21 
245 1 0 |a Kant, Hegel, Dilthey 
260 |a Madrid  |b Revista de Occidente  |c 1958 
300 |a 218 p 
583 |a last modification  |c 19920520 00:00:00  |k Rodrigo Vera 
600 0 |a Kant, Immanuel,  |d 1724-1804  |9 858687 
600 0 |a Hegel, Georg Wilhelm Friedrich  |d 1770-1831  |9 860268 
600 |a Dilthey, Wilhelm,  |d 1833-1911  |9 878583 
650 0 |a Filosofía moderna  |9 258121 
650 0 |a Filósofos   |9 269126 
651 0 |a Alemania  |9 255688 
942 |c BK  |2 ddc 
945 |d 19920520 00:00:00 
952 |0 0  |1 0  |4 0  |6 196_100000000000000_ORT_1958  |7 0  |8 A  |9 222013  |a BIBHIS  |b BIBHIS  |d 2019-11-15  |i 2908573  |o 196.1 ORT 1958  |p 2908573  |r 2025-01-20  |w 2019-11-15  |y BK  |k HIS